| 000 | 00797cam a2200301 a 4500 | ||
|---|---|---|---|
| 999 |
_c1802 _d1802 |
||
| 001 | 1802 | ||
| 003 | BD-JhCC | ||
| 005 | 20171024174902.0 | ||
| 008 | 050204s2005 nyu a 001 0 eng | ||
| 020 | _a0060753943 (hardcover) | ||
| 035 | _a(BD-JhCC)1802 | ||
| 040 |
_aDLC _cDLC _dDLC |
||
| 041 | _aeng | ||
| 050 | 0 | 0 |
_aHF5386 _b.W384 2005 |
| 082 | 0 | 0 |
_a658.4/09 _222 _bWEL 2005 |
| 100 | 1 |
_aWelch, Jack, _d1935- |
|
| 245 | 1 | 0 |
_aWinning / _cJack Welch with Suzy Welch. |
| 250 | _a1st ed. | ||
| 260 |
_aNew York : _bHarperBusiness Publishers, _cc2005. |
||
| 300 |
_a372 p. ; _c24 cm. |
||
| 500 | _aIncludes index. | ||
| 650 | 0 | _aSuccess in business. | |
| 650 | 0 | _aStrategic planning. | |
| 650 | 0 | _aNegotiation in business. | |
| 700 | 1 | _aWelch, Suzy. | |
| 942 |
_2ddc _cBK |
||